000 01076nam1a22002291i 4500
001 rc\840638
005 20240723222415.0
035 _a(NLR Aleph) 006238443
090 _a6644439
_c6644439
100 _a20041129d1983 u |0rusy50 ca
101 0 _arus
102 _aRU
105 _ay |||||||||
200 1 _aМетодические разработки по русскому языку для слушателей подготовительных отделений, окончивших национальные школы
_e(Развитие речи)
_fМ-во высш. и сред. спец. образования КазССР, Науч.-метод. каб.
_g[Сост.: Р.Г. Гер и др.]
210 _aАлма-Ата
_cМинвуз КазССР
_d1983
215 _d20
702 1 _aГер
_bР.Г.
_4220
712 0 1 _aКазССР
_bМ-во высшего и среднего специального образования
_bНауч.-метод. кабинет
801 0 _aRU
_bNLR
_gpsbo
801 1 _aRU
_bELAR
_2rusmarc
852 _aNLR
_j84-4/7955
942 _cBOOK